000 00593nam a2200205Ia 4500
003 OSt
005 20230608111902.0
008 210423s2006 xx 000 0 und d
040 _cAL
041 _aeng
082 _a361.3
_223
_bGOUS
100 _aGOULD (N)
_9122446
245 _aSocial work critical reflections and the learning organisation
260 _aUSA
_bAshgate
_c2006
365 _b1436
_cINR
650 _aSocial Problems & Services
_9122447
650 _aSocial Work
_9122448
906 _acritical ; learning ; organisation ; reflections ; Social ; work
942 _2ddc
_cBK
999 _c175253
_d175253